LEADER 01460nam a2200241 i 4500 001 000000235905 003 CaOOAMICUS 005 20141118000000.0 008 141118s1974 it u000 u ita u 013 $a214809 040 $aSeMil$bita 100 1 $aBettetini, Gianfranco <1933-2017>.$0(OLS)http://semarc/name/89672 245 13$aIl cinema italiano dal '30 al '40 :$bschede raccolte durante il Corso di Storia e Critica del Film tenuto da Gianfranco Bettetini presso l'Università di Genova, Anno Accademico 1973-74 /$ca cura di Ester C. De Miro ... [et al.] ; Con un'appendice sul cinema americano dello stesso periodo a cura di Aldo Viganò. 260 $aGenova :$bTilgher-Genova,$ccopyr. 1974. 300 $a228 p. ;$c24 cm. 650 4$aCinema - Italia - 1930-1940.$0(OLS)http://semarc/subject/41907 650 4$aCinema - Stati Uniti d'America - 1930-1940.$0(OLS)http://semarc/subject/41908 700 1 $aViganò, Aldo.$0(OLS)http://semarc/name/80606 700 1 $aDe Miro d'Ajeta, Ester Carla.$0(OLS)http://semarc/name/80605 850 $aSeMil 852 $aSeMil$W1$xVenegono$y1$m3M V 135$j186251$B186251$CSeMilBibl$Z2$F197114 $81 996 $6245$aIl cinema italiano dal '30 al '40 :$bschede raccolte durante il Corso di Storia e Critica del Film tenuto da Gianfranco Bettetini presso l'Università di Genova, Anno Accademico 1973-74$9(OLS)http://semarc/title/336183 996 $6260$aGenova :$bTilgher-Genova$9(OLS)http://semarc/publisher/33703 LEADER 00850nam a2200229 i 4500 001 000000040661 003 CaOOAMICUS 005 20080301000000.0 008 080301s1993 it u000 u ita u 013 $a11831 040 $aSeMil$bita 100 1 $aPasqualino, Fortunato <1923-2008>.$0(OLS)http://semarc/name/19899 245 10$aSant'Antonio racconta /$cFortunato Pasqualino. 260 $a[S.l.] :$bMartello,$ccopyr. 1993. 300 $a113 p. ;$c23 cm. 490 0 $aI classici di Dio ;$v31 830 2$aI classici di Dio ;$v31.$0(OLS)http://semarc/title/155 850 $aSeMil 852 $aSeMil$W1$xVenegono$y1$m1S III 98$j6816$B6816$CSeMilBibl$Z2$F6816 $81 961 $aOmaggio: Casa editrice 996 $6245$aSant'Antonio racconta$9(OLS)http://semarc/title/58515 996 $6260$a[S.l.] :$bMartello$9(OLS)http://semarc/publisher/35061